• 首页
  • 本馆介绍
  • 公告通知
  • 最新文献
  • 馆藏检索
  • 电子资源
  • 读者导购
  • 参考咨询
  • 我的图书馆
  • 登录
  • 详细信息显示
  • 放入我的书架
  • 预约/预借图书
  • 作者相关作品
  • 分类相关作品
  • 丛书相关作品
  • 出版社相关作品

书目信息

  • 表格格式
  • 工作单格式
  • 卡片格式
题名:
美学辞典
    
 
作者: 王世德 主编
分册:  
出版信息: 北京   知识出版社  1986
页数: 640页
开本: 20cm
丛书名:
单 册:
中图分类: B83-61
科图分类:
主题词: 美学--词典
电子资源:
ISBN:
000 00610nam0 2200229 45
001 0186004030
005 20070731145118.85
010    @dCNY4.70
091    @a9214.34
100    @a19900724d1986 em y0chiy0121 ea
101 0  @achi
102    @aCN@b110000
105    @ay z 000yy
200 10 @a美学辞典@Amei xue ci dian@f王世德主编@FWang Shi De Zhu Bian
210    @a北京@c知识出版社@d1986
215    @a640页@d20cm
606    @a美学@x词典
690    @aB83-61@v3
701  0 @a王世德@4主编
801  0 @aCN@b深圳图书馆@c20070731
801  2 @aCN@bNLC@c20051212
905    @f1@b162971@f2@b162968-969@dB83-61@e64
    
    美学辞典/王世德主编.-北京:知识出版社,1986
    640页;20cm
    
    
    ISBN :CNY4.70
    
●
相关链接 在E读中查询图书 在五车中查询图书 在当当中查询图书 在豆瓣中查询图书


正题名:美学辞典     索取号:B83-61/64         预约/预借

序号 登录号 条形码 馆藏地/架位号 状态 备注
1 0162968   002020253   密集书库/ [索取号:B83-61/64] 在馆    
2 0162969   000510557   密集书库/ [索取号:B83-61/64] 在馆    
3 0162970   202176215   密集书库/ [索取号:B83-61/64] 在馆    
4 0162971   000510520   密集书库/ [索取号:B83-61/64] 在馆    
5 0162972   002042792   第一样本阅览室/ [索取号:B83-61/64] 在馆    
6 0790457   207904570   工具书阅览室/ [索取号:B83-61/64] 在馆    
唐山师范学院图书馆 欢迎您!
大连网信软件有限公司© 版权所有